MDQL
is popping MORE tags! Check the
thread
!
Quizzes
Events
Quiz Creation
Community
Videos
Private Events
Remove Ads
Sign In
Join for FREE
Feedback
Dark Mode
Quiz Categories
Sports
Geography
Music
Movies
Television
Just For Fun
Miscellaneous
History
Literature
Language
Science
Gaming
Entertainment
Religion
Holiday
For Kids
Quiz Lab
Recent
Popular Today
Quiz Kudos Today
Editor Picks
Curator Picks
Quizzes by...
Day
Popularity
Type
Ratings
Length
Year
Community
Subscriptions
Recent Discussions
Orange Saloon
Badges
Playlists
Quests
Create
Leaderboards
Showdown
Live 5
Trivia Bingo
Activity
Puzzle Library
Sporcle Events
Private Events
Virtual Trivia
Globe League
Become a Host
Pub Owners
SporcleCon
Opinionation
Our Games
Videos
Blog
Mobile Apps
Partnerships
Remove Ads and Go Orange
Feedback
Gaming
Video Games
Board Games
Card Games
Pokémon
Mario
Nintendo
Minecraft
Console
Toys
Legend of Zelda
Gaming
Video Games
Board Games
Card Games
Pokémon
Mario
Nintendo
Minecraft
Console
Toys
Legend of Zelda
Random Quiz
Search Sporcle
×
Quiz Lab
Quiz Lab
Gaming
Board Games
Type in answers that appear in a list
Type in answers that appear in a list
Classic
Best Score? Go Orange.
Top Selling Wii Games Stats
Can you name the top selling Nintendo Wii video games of all-time?
By
Devinel
5m
24 Questions
243 Plays
243 Plays
243 Plays
Comments
Comments
Give Quiz Kudos
Give Quiz Kudos
-
- Ratings
hide this ad
Replay
Link that replays current quiz
Next Quiz
Link to next quiz in quiz playlist
You Got
0%
They Got
Avg Score
42%
Avg Friend Score
Upgrade to see
Score Distribution
Jump to the score distribution portion of the page
Score
0/24
Timer
05:00
0
Plays Today
Units Sold (Millions)
Game
% Correct
74.64
Wii Sports
90.5%
26.03
Mario Kart Wii
81.5%
9.26
Super Mario Galaxy
78.2%
21.46
New Super Mario Bros Wii
70%
23.97
Wii Sports Resort
68.3%
10.12
Super Smash Bros Brawl
68.3%
22.70
Wii Fit
67.5%
5.80
The Legend of Zelda: Twilight Princess
66.3%
6.03
Super Mario Galaxy 2
66.3%
28.10
Wii Play
65%
7.40
Mario Party 8
51%
3.78
Donkey Kong Country Returns
39.1%
Units Sold (Millions)
Game
% Correct
17.69
Wii Fit Plus
35.4%
4.86
Wii Party
28.4%
5.23
Just Dance
24.3%
7.70
Mario & Sonic at the Olympic Games
23.5%
4.74
Link's Crossbow Training
20.6%
5.12
Just Dance 2
19.3%
4.01
Animal Crossing: City Folk
16%
4.44
Guitar Hero III: Legends of Rock
14.4%
3.81
Mario & Sonic at the Olympic Winter Games
12.3%
4.08
LEGO Star Wars: The Complete Saga
8.6%
3.64
Big Brain Academy: Wii Degree
6.6%
3.88
Carnival Games
6.6%
Quiz Playlist
Details
Report
Send in Message
Add To Playlist
Classic:
Type in answers that appear in a list
Last Updated: Feb 16, 2017
Quiz Scoreboard
CHALLENGE
Sign Up to Join the Scoreboard
Show All
Scores
Hide
Comments
May contain spoilers
Recently Published
Image Sorting: Flags VI
by Barbecue
Geography
2m
Find the 'City' Movie
by crazypaving
Movies
60s
Colored Red Africa Blitz
by spor1
Geography
45s
More to Explore
Quiz From the Vault
Featured Blog Post
14 Easter Pick-up Lines to Find Eggs With
hide this ad
You Might Also Like...
Tags
Board Games Quiz
Nintendo Quiz
Best Selling
million
sold
unit
Video
Wii
Today's Top Quizzes in Gaming
Browse Gaming
hide this ad
Today's Top Quizzes in Board Games
Browse Board Games
Top Contributed Quizzes in Gaming
1
League of Legends Pro Players by Career/Team History
2
Destiny 2 exotic weapons by perk icons
3
Genshin murder mystery
4
Dead By Daylight Logic Puzzle
5
Genshin Impact Logic Puzzle
6
Overwatch Logic Puzzle
7
4x4 Decades: Video Games
8
Who's on the WWE 2K24 Cover?
9
Overwatch 2: Ultimate Ability Icons
10
Valorant Agent Developer Names (Up to Clove)
Explore More
Trending Topics
Anime
Crossword
Marvel
NBA
Harry Potter
Disney
Kpop
Song
Pokémon
Country
Puzzle
Soccer
The Office
NFL
WWE
hide this ad
More By:
Devinel
Quiz
Plays
Rating
Category
Featured
Created
'N'-Less States
412,831
4.52
Geography
Nov 10, 2010
The Simpsons A-Z
212,280
4.14
Television
Oct 1, 2010
The Keyboard Alphabet
199,912
3.17
Just For Fun
Oct 31, 2010
IMDb Movie Genres
100,596
4.38
Movies
Jan 9, 2011
Languages Spoken in Canada
74,557
4.62
Language
Oct 31, 2010
Go to Creator's Profile
Score Distribution
Quiz Creator Spotlight
Devinel
Follow
Send a Message
Quizzes Created
-
Created Quiz Play Count
-
More By This Creator
Popular Quizzes Today
1
Colored Red Africa Blitz
2
Find the US States - No Outlines Minefield
3
Find the 'City' Movie
4
5x2 Blitz: Bands
5
The Countries of the World
6
Find the US States
7
Find the Countries of Europe - No Outlines Minefield
8
US States
More Gaming Quizzes
Video Game Timeline IV
Published
Trending Quizzes
Colored Red Europe Blitz I
Colored Red Europe Blitz II
Colored Red Africa Blitz II
Colored Red Europe Blitz III
Colored Red Africa Blitz III
Recently Updated
How Do You Spell That?
pecheneg
Godzilla Movies
pecheneg
Grab Bag: 4-10 Letters
pecheneg
2024 March Madness Bracket
pecheneg
Famous TV Couples
Peacemaker
Champions League XIs: Real Madrid
pecheneg
Largest US Cities 1790-2010
pecheneg
Rides in Walt Disney World
pecheneg
Most Oscar Losses (Acting)
pecheneg
Beyoncé Albums
pecheneg
Trending Topics
NBA
Kpop
Harry Potter
Disney
Crossword
Anime
Marvel
Soccer
The Office
Country
Song
WWE
Puzzle
NFL
Pokémon
Your Account Isn't Verified!
In order to create a playlist on Sporcle, you need to verify the email address you used during registration. Go to your
Sporcle Settings
to finish the process.
Report this User
Report this user for behavior that violates our
Community Guidelines
.
Details:
Send Report
Go to the Sporcle.com Mobile Site →
Comments